Nghiên cứu chiết tách và xác định thành phần của tinh dầu rái (diptero carpus alatus)
Tổng quan. Nguyên liệu và phương pháp nghiên cứu. Kết quả và bàn luận.
שמור ב:
| מחבר ראשי: | |
|---|---|
| מחברים אחרים: | |
| פורמט: | ספר |
| שפה: | Vietnamese |
| יצא לאור: |
Đà Nẵng
Đại học Đà Nẵng
2009
|
| נושאים: | |
| תגים: |
הוספת תג
אין תגיות, היה/י הראשונ/ה לתייג את הרשומה!
|
| Thư viện lưu trữ: | Mạng thư viện Đại học Đà Nẵng |
|---|
| LEADER | 01197nam a2200337 4500 | ||
|---|---|---|---|
| 001 | 000010391 | ||
| 003 | 6594 | ||
| 005 | 20111213141229.0 | ||
| 008 | 111213s2009 viesd | ||
| 041 | |a vie | ||
| 072 | |a Luận văn Thạc sĩ Khoa học | ||
| 082 | |a 665 |b HU-H | ||
| 100 | |a Hùynh Thị Thanh Hương | ||
| 245 | |a Nghiên cứu chiết tách và xác định thành phần của tinh dầu rái (diptero carpus alatus) |c Hùynh Thị Thanh Hương | ||
| 260 | |a Đà Nẵng |b Đại học Đà Nẵng |c 2009 | ||
| 300 | |a 67 tr. |c 29 cm |e Tóm tắt | ||
| 500 | |a Luận văn Thạc sĩ. Chuyên ngành: Hóa hữu cơ. Mã số: 60.44.27 | ||
| 520 | |a Tổng quan. Nguyên liệu và phương pháp nghiên cứu. Kết quả và bàn luận. | ||
| 653 | |a Hoá hữu cơ | ||
| 653 | |a Tinh dầu rái | ||
| 653 | |a Luận văn Thạc sĩ Hóa hữu cơ | ||
| 653 | |a Hóa học | ||
| 700 | |a Đào Hùng Cường |c PGS.TS |e Hướng dân | ||
| OWN | |a LSP | ||
| 999 | |a From the UDN01 | ||
| TYP | |a Monograph | ||
| TYP | |a Printed language | ||
| 980 | |a Mạng thư viện Đại học Đà Nẵng | ||